[Event "Uzes op"]
[Site "Uzes"]
[Date "1989.??.??"]
[Round "2"]
[White "Bourguet, Georges"]
[Black "Bourquin, Pascal"]
[Result "0-1"]
[WhiteElo "2080"]
[BlackElo "2070"]
[PlyCount "82"]
[EventDate "1989.??.??"]
[EventType "swiss"]
[EventRounds "9"]
[EventCountry "FRA"]
[SourceTitle "EXT 1997"]
[Source "ChessBase"]
[SourceDate "1996.11.15"]
[SourceVersion "1"]
[SourceVersionDate "1996.11.15"]
[SourceQuality "1"]

1. e4 c5 2. Nf3 d6 3. d4 cxd4 4. Nxd4 Nf6 5. Nc3 a6 6. Be2 e5 7. Nb3 Be7 8. Be3 Be6 9. Bf3 Nbd7 10. g4 Nb6 11. g5 Nfd7 12. h4 Nc4 13. Bc1 Ndb6 14. a4 a5 15. Nd2 Nxd2 16. Qxd2 Rc8 17. Nd5 Nxd5 18. exd5 Bf5 19. c3 h6 20. Qe3 hxg5 21. hxg5 Rxh1+ 22. Bxh1 Qc7 23. Be4 Bxg5 24. Qxg5 Bxe4 25. Qxg7 Bxd5 26. Bg5 Kd7 27. Rd1 Qc4 28. Qf6 Re8 29. Qf5+ Be6 30. Qf3 Kc7 31. Bf6 Rg8 32. Qe3 Qxa4 33. f3 Qb5 34. Be7 Bd5 35. f4 Re8 36. Qd2 exf4 37. Qxd5 Rxe7+ 38. Kf2 Re2+ 39. Kf3 Qxd5+ 40. Rxd5 Rxb2 41. Rxa5 Rb3 0-1